000
00298nam a2200109 4500
999
_c
13629
_d
13629
008
190329b ||||| |||| 00| 0 eng d
245
_a
Empowering youths for digital literacy.
260
_a
Davao City
_b
Sun Star Davao
_c
c2018
300
_a
page 13.
650
0
_9
37967
_a
Education.
942
_2
ddc
_c
PER